• 首页
  • 本馆介绍
  • 公告通知
  • 最新文献
  • 馆藏检索
  • 电子资源
  • 读者导购
  • 参考咨询
  • 我的图书馆
  • 登录
  • 详细信息显示
  • 放入我的书架
  • 预约/预借图书
  • 作者相关作品
  • 分类相关作品
  • 丛书相关作品
  • 出版社相关作品

书目信息

  • 表格格式
  • 工作单格式
  • 卡片格式
题名:
金属材料及工艺
    
 
作者: 于文强 , 陈宗民 主编
分册:  
出版信息: 北京   北京大学出版社  2017
页数: 363页
开本: 26cm
丛书名: 全国本科院校机械类创新型应用人才培养规划教材
单 册:
中图分类: TG
科图分类:
主题词: 金属材料--jin shu cai liao--高等学校--教材 , 金属加工--jin shu jia gong--工艺学--高等学校--教材
电子资源:
ISBN: 978-7-301-27674-7
000 01355nam 2200325 450
001 012001000241
005 20191108094318.04
010    @a978-7-301-27674-7@dCNY52.00
099    @aCAL 012017020705
100    @a20170307d2017 em y0chiy50 ea
101 0  @achi
102    @aCN@b110000
105    @aak a 000yy
106    @ar
200 1  @a金属材料及工艺@Ajin shu cai liao ji gong yi@f主编于文强, 陈宗民
205    @a第2版
210    @a北京@c北京大学出版社@d2017
215    @a363页@c图@d26cm
225 2  @a全国本科院校机械类创新型应用人才培养规划教材@Aquan guo ben ke yuan xiao ji xie lei chuang xin xing ying yong ren cai pei yang gui hua jiao cai
300    @a“十三五”普通高等教育本科规划教材
320    @a有书目
330    @a本书内容包括金属材料的种类与性能、金属的结构与结晶,二元合金相图及其应用,金属的塑性变形与再结晶,钢的热处理,合金钢,有色金属,机械零件的失效分析与选材,铸造工艺基础,砂型铸造,特种铸造,铸件结构设计,铸造新工艺与发展,锻压工艺基础等。
410  0 @12001 @a全国本科院校机械类创新型应用人才培养规划教材
606 0  @a金属材料@Ajin shu cai liao@x高等学校@j教材
606 0  @a金属加工@Ajin shu jia gong@x工艺学@x高等学校@j教材
690    @aTG@v4
701  0 @a于文强@Ayu wen qiang@4主编
701  0 @a陈宗民@Achen zong min@4主编
801  0 @aCN@b北京卓展文化@c20191020
905    @b1200108-11@dTG@e14=2@f4
    
    金属材料及工艺/主编于文强, 陈宗民.-第2版.-北京:北京大学出版社,2017
    363页:图;26cm.-(全国本科院校机械类创新型应用人才培养规划教材)
    “十三五”普通高等教育本科规划教材
    
    ISBN 978-7-301-27674-7:CNY52.00
    本书内容包括金属材料的种类与性能、金属的结构与结晶,二元合金相图及其应用,金属的塑性变形与再结晶,钢的热处理,合金钢,有色金属,机械零件的失效分析与选材,铸造工艺基础,砂型铸造,特种铸造,铸件结构设计,铸造新工艺与发展,锻压工艺基础等。
●
相关链接 在E读中查询图书 在五车中查询图书 在当当中查询图书 在豆瓣中查询图书


正题名:金属材料及工艺     索取号:TG/14=2         预约/预借

序号 登录号 条形码 馆藏地/架位号 状态 备注
1 1200108   212001082   第二样本阅览室/ [索取号:TG/14=2] 在馆    
2 1200109   212001091   第三借阅区/ [索取号:TG/14=2] 在馆    
3 1200110   212001108   第三借阅区/ [索取号:TG/14=2] 在馆    
4 1200111   212001117   第三借阅区/ [索取号:TG/14=2] 在馆    
唐山师范学院图书馆 欢迎您!
大连网信软件有限公司© 版权所有